00834nam a2200181 a 450000100100000000500170001000800410002704000250006808200210009324501720011425000110028626000620029730000200035950000780037970000590045795201190051699900170063500003511520200930074120.0111025s1909 sp 000 0 spa d aDO-SdBNPbspacBNPHU axxxxbR426, 190913aLa república del amor :bopereta en un acto, dividido en dos cuadros, escrita sobre el pensamiento de una obra extranjera, libro de Paso y Aragón /música Lleó. a2a ed. aMadrid :bR. Velasco imp., Marqués de Santa Ana,c1909. a37 p. ;c20 cm. aEstrenada Teatro Eslava de Madrid, la noche del 26 de septiembre de 1908.12aLleó Balbastre, Vicente,d[1870-1922]emús.960793 001050718MOaGRbGRcHDd2011-10-25iLF1l0oxxxx R426, 1909p35115-10r2020-06-25w2020-06-25y1ZNo se presta c34606d34606